Nicaragua: Crecimiento industrial y desempleo /

Gespeichert in:
Bibliographische Detailangaben
1. Verfasser: Franco, Mario de
Weitere Verfasser: Chamorro, Carlos F.
Format: Unbekannt
Schlagworte:
Tags: Tag hinzufügen
Keine Tags, Fügen Sie den ersten Tag hinzu!

MARC

LEADER 00000 a2200000 04500
001 31445
003 cru IIS
005 20230307140036.0
008 991231s d
040 |c cru IIS  |d cru IIS 
090 |a 0001 C172f  
100 1 |a Franco, Mario de  |9 10971 
245 |a Nicaragua: Crecimiento industrial y desempleo /  |c Mario A. De Franco y Carlos F. Chamorro 
300 |a 94-133 p.  
650 |a MERCADO COMUN CENTROAMERICANO  
650 |a MCCA  
650 |a INDUSTRIA  
650 |a DESEMPLEO  
650 |a INDICADORES SOCIALES  
650 |a INDICADORES ECONOMICOS  
700 |a Chamorro, Carlos F.  
942 |2 ddc  |c LI 
999 |c 17210  |d 17210 
773 0 |0 12363  |9 8351  |a Camacho, Daniel   |d San José: EDUCA, 1979  |o 02778  |t El Fracaso social de la integración centroamericana: Capital, tecnología y empleo /  |w (cru IIS)31338